The Empire / (Record no. 187224)
[ view plain ]
| 000 -LEADER | |
|---|---|
| fixed length control field | 00486 a2200169 4500 |
| 003 - CONTROL NUMBER IDENTIFIER | |
| control field | NUST |
| 005 - DATE AND TIME OF LATEST TRANSACTION | |
| control field | 20230201123526.0 |
| 040 ## - CATALOGING SOURCE | |
| Transcribing agency | Nust |
| 082 ## - DEWEY DECIMAL CLASSIFICATION NUMBER | |
| Classification number | 942,KIN |
| 100 ## - MAIN ENTRY--PERSONAL NAME | |
| Personal name | King Hall, Stephen |
| 9 (RLIN) | 48826 |
| 245 ## - TITLE STATEMENT | |
| Title | The Empire / |
| Remainder of title | Yesterday and To-day |
| 260 ## - PUBLICATION, DISTRIBUTION, ETC. | |
| Place of publication, distribution, etc. | London |
| Name of publisher, distributor, etc. | Oxford |
| Date of publication, distribution, etc. | 1937 |
| 300 ## - PHYSICAL DESCRIPTION | |
| Extent | 100:p. |
| 505 ## - FORMATTED CONTENTS NOTE | |
| Formatted contents note | The Growth Of The Empire (Page-10), The British Commonwealth Of Nations 1937 (Page-55). |
| 650 ## - SUBJECT ADDED ENTRY--TOPICAL TERM | |
| Topical term or geographic name entry element | History , Great Britain |
| 9 (RLIN) | 108365 |
| 942 ## - ADDED ENTRY ELEMENTS (KOHA) | |
| Source of classification or shelving scheme | |
| Koha item type | Book |
| Call number prefix | 942,KIN |
| Withdrawn status | Lost status | Source of classification or shelving scheme | Damaged status | Not for loan | Permanent Location | Current Location | Shelving location | Date acquired | Full call number | Barcode | Date last seen | Price effective from | Koha item type | Public note |
|---|---|---|---|---|---|---|---|---|---|---|---|---|---|---|
| Military College of Signals (MCS) | Military College of Signals (MCS) | General Stacks | 12/12/2016 | 942,KIN | MCS29193 | 12/08/2016 | 12/12/2016 | Book | Almirah No.60, Shelf No.5 |
